000
00323nam a2200133Ia 4500
005
20260328104251.0
008
260328s9999||||xx |||||||||||||| ||und||
100
_a
Macaulay, David
245
0
_a
Built to Last /
_c
David Macaulay
260
_b
Reinforced Binding
300
_a
272 p.
650
_a
RENACIMIENTO
942
_c
BK
999
_c
10235
_d
10235